EA FC25 Total Rush - Statistics

General Stats
  • This quiz has been taken 34 times
    20 since last reset
  • The average score is 15 of 50
Answer Stats
Rate Club Nation Answer % Correct
91 Man City Belgium Kevin de Bruyne
100%
92 Real Madrid France Kylian Mbappe
100%
90 Leverkusen Germany Florian Wirtz
94%
90 Inter Miami Argentina Lionel Messi
94%
90 Liverpool Egypt Mohamed Salah
94%
90 Barcelona Poland Robert Lewandowski
94%
89 Al Nassr Portugal Cristiano Ronaldo
88%
89 Atletico Madrid France Antoine Griezmann
82%
91 Barcelona Spain Alexia Putellas
76%
88 Barcelona Netherlands Frenkie de Jong
76%
90 Chelsea England Lauren James
65%
88 PSG Brazil Marquinhos
59%
88 Al Hilal Brazil Neymar Jr
59%
88 Real Madrid France Aurelien Tchouameni
41%
88 Brighton France Georginio Rutter
35%
87 PSG France Warren Zaire-Emery
35%
87 Orlando City Colombia Luis Muriel
29%
89 Chicago Red Stars USA Mallory Swanson
29%
87 Liverpool England Trent Alexander-Arnold
29%
86 Wolfsburg Germany Maximilian Arnold
24%
87 Bayern Portugal Raphael Guerreiro
24%
86 Roma Ukraine Artem Dovbyk
18%
86 Man United Portugal Diogo Dalot
18%
86 Milan England Fikayo Tomori
18%
87 Arsenal England Leah Williamson
18%
86 Dortmund Austria Marcel Sabitzer
18%
88 Chelsea Brazil Marta
18%
86 Fulham Nigeria Alex Iwobi
12%
84 Girona Netherlands Daley Blind
12%
84 Whitecaps Scotland Ryan Gauld
12%
86 Sporting Kansas Spain Andreu Fontas
6%
85 Lille England Angel Gomes
6%
85 Atletico Madrid Spain Cesar Azpilicueta
6%
87 Celta Spain Iago Aspas
6%
84 Union Berlin Croatia Josip Juranovic
6%
85 Stade Reims Japan Junya Ito
6%
85 New England Spain Nacho Gil
6%
85 Lyon Algeria Said Benrahma
6%
84 Lyon Denmark Sofie Svava
6%
86 Bayern Germany Sydney Lohmann
6%
85 Nice France Tanguy Ndombele
6%
84 Cagliari Colombia Yerry Mina
6%
85 Juventus Poland Arkadiusz Milik
0%
84 Leipzig North Macedonia Eljif Elmas
0%
86 Napoli Italy Giovanni Di Lorenzo
0%
88 PSG Netherlands Lieke Martens
0%
86 Wolfsburg Netherlands Lineth Beerensteyn
0%
85 Real Betis Switzerland Ricardo Rodriguez
0%
85 Al Ahli Brazil Roger Ibanez
0%
85 Real Madrid Spain Tere Abelleira
0%
No matching quizzes found
Score Distribution
Percent of People with Each Score
Percentile by Number Answered
Your Score History
You have not taken this quiz since the last reset